000 01372nam a2200337 c 4500
999 _c185068
_d185068
003 BLK
005 20220610125428.0
008 180411b bul|||||r ||||||| ||bul||
010 _aKNG00194046000
040 _aBLK
041 _aBUL
_cBUL
080 _aБългарска литература
_b821.163.2
_x(081.2)
_z821.163.2(081.2)
080 _aБългарска литература
_b821.163.2
_x(093.3)
_z821.163.2(093.3)
080 _aБългарска литература
_b821.163.2
_x(045)
_z821.163.2(045)
100 1 _aЗагорчинов, Стоян Павлов
_eпърви автор
_9368401
139 _aЗагорчинов, Стоян Павлов
_bЗ 19
245 1 0 _aИзбрани произведения
_bВ 4 т. За том: Очерци, статии, спомени и др.
_cСтоян Павлов Загорчинов.
_nТ. 4
_pБразди
257 _aBGR
260 _bБълг. писател
_c1968 -
_aСофия
300 _c21 см
_a364 с.
380 _aX
653 _aочерци
653 _aстатии
653 _aспомени
760 1 _aЗагорчинов, Стоян Павлов
_d1969
_h364 с.
_n10 100 тир.
_tТ. 4 Бразди
852 _aЦб 43805
_bЦб
856 4 _qpdf
856 4 _qpdf
942 _cKNG
_n0
_01
_s1
944 _aCR
_c20.10.2016
_kЕлица_Владова
944 _aED
_c20.10.2016
_kЕлица_Владова
944 _aED
_c2022-06-10
_kВП
999 _d185068